| 000 | 00678nai a2200217Ia 4500 | ||
|---|---|---|---|
| 003 | IN-BaIIA | ||
| 008 | 211028c9999 xx s 000 0 eng d | ||
| 022 | _a09628452 (Print) | ||
| 022 | _a14712954 (Online) | ||
| 040 | _cIIA Library | ||
| 245 | 0 |
_aProceedings: Biological Sciences _h[eJournal] |
|
| 260 |
_aLondon _bRoyal Society |
||
| 310 | _aBi-Weekly | ||
| 362 | _a241(1300); 1900 - 283(1845); 2016 | ||
| 521 | _bSubscribed through IIA Library | ||
| 650 |
_a General Science _95049 |
||
| 650 |
_a Science & Mathematics _932028 |
||
| 650 | _aBiological Sciences | ||
| 856 |
_uhttps://www.jstor.org/journal/procbiolscie _yClick Here to Access eJournal |
||
| 942 | _cEJ | ||
| 999 |
_c35596 _d35596 |
||